<?xml version="1.0" encoding="UTF-8"?>
<collection xmlns="http://www.loc.gov/MARC21/slim">
 <record>
  <leader>00693pamaa2200205   4500</leader>
  <controlfield tag="001">0000031780</controlfield>
  <controlfield tag="005">20130711090000.0</controlfield>
  <datafield tag="020" ind1="0" ind2="0">
   <subfield code="a">013062215X </subfield>
  </datafield>
  <datafield tag="082" ind1=" " ind2=" ">
   <subfield code="a">005.276 DEI 2002</subfield>
  </datafield>
  <datafield tag="090" ind1="0" ind2="0">
   <subfield code="a">QA76.625 </subfield>
   <subfield code="b">DEI 2002</subfield>
  </datafield>
  <datafield tag="100" ind1="1" ind2="0">
   <subfield code="a">Deitel </subfield>
  </datafield>
  <datafield tag="245" ind1="1" ind2="0">
   <subfield code="a">Internet and world wide web : </subfield>
   <subfield code="b">how to program  </subfield>
   <subfield code="c">H.M. Deitel, P.J. Deitel and T.R. Nieto [</subfield>
   <subfield code="m">CD-ROM].</subfield>
  </datafield>
  <datafield tag="250" ind1="0" ind2="0">
   <subfield code="a">2n ed.</subfield>
  </datafield>
  <datafield tag="260" ind1="0" ind2="0">
   <subfield code="a">New Jersey: </subfield>
   <subfield code="b">Prentice Hall, </subfield>
   <subfield code="c">2002.</subfield>
  </datafield>
  <datafield tag="300" ind1=" " ind2=" ">
   <subfield code="a">1 compact disc; </subfield>
   <subfield code="c">4.5inc.</subfield>
  </datafield>
  <datafield tag="500" ind1="0" ind2="0">
   <subfield code="a">Accompany textbook titled &quot;Internet and world wide web:how to program&quot; 2nd ed by Deitel, Deitel and Nieto</subfield>
  </datafield>
  <datafield tag="650" ind1="0" ind2="0">
   <subfield code="a">Internet programming </subfield>
  </datafield>
  <datafield tag="650" ind1="0" ind2="0">
   <subfield code="a">World wide web </subfield>
  </datafield>
  <datafield tag="700" ind1="1" ind2="1">
   <subfield code="a">Nieto, </subfield>
   <subfield code="h">T.R. </subfield>
  </datafield>
  <datafield tag="700" ind1="1" ind2="1">
   <subfield code="a">Deitel, </subfield>
   <subfield code="h">Paul J. </subfield>
  </datafield>
 </record>
</collection>
